<?xml version="1.0" encoding="UTF-8"?>
<record
    xmlns:xsi="http://www.w3.org/2001/XMLSchema-instance"
    xsi:schemaLocation="http://www.loc.gov/MARC21/slim http://www.loc.gov/standards/marcxml/schema/MARC21slim.xsd"
    xmlns="http://www.loc.gov/MARC21/slim">

  <leader>00773nam a22002297a 4500</leader>
  <controlfield tag="003">UA-OsUOA</controlfield>
  <controlfield tag="001"> 46434 </controlfield>
  <controlfield tag="007">ta</controlfield>
  <controlfield tag="008">20120221b un ||||| |||| 00| 0 ukr d</controlfield>
  <datafield tag="090" ind1=" " ind2=" ">
    <subfield code="a">81'374</subfield>
    <subfield code="b">&#x420;75</subfield>
  </datafield>
  <datafield tag="942" ind1=" " ind2=" ">
    <subfield code="c">BK</subfield>
  </datafield>
  <datafield tag="040" ind1=" " ind2=" ">
    <subfield code="a">UA-OsUOA</subfield>
    <subfield code="b">ukr</subfield>
    <subfield code="c">UA-OsUOA</subfield>
    <subfield code="d">UA-OsUOA</subfield>
  </datafield>
  <datafield tag="245" ind1=" " ind2=" ">
    <subfield code="a">&#x420;&#x43E;&#x441;&#x456;&#x439;&#x441;&#x44C;&#x43A;&#x43E;-&#x443;&#x43A;&#x440;&#x430;&#x457;&#x43D;&#x441;&#x44C;&#x43A;&#x438;&#x439; &#x441;&#x43B;&#x43E;&#x432;&#x43D;&#x438;&#x43A; &#x43F;&#x440;&#x430;&#x432;&#x43D;&#x438;&#x447;&#x43E;&#x457; &#x43C;&#x43E;&#x432;&#x438;</subfield>
    <subfield code="c">&#x433;&#x43E;&#x43B;. &#x440;&#x435;&#x434; &#x410;.&#x42E;. &#x41A;&#x440;&#x438;&#x43C;&#x441;&#x44C;&#x43A;&#x438;&#x439;</subfield>
  </datafield>
  <datafield tag="300" ind1=" " ind2=" ">
    <subfield code="a">236 &#x441;.</subfield>
  </datafield>
  <datafield tag="955" ind1=" " ind2=" ">
    <subfield code="a">4</subfield>
  </datafield>
  <datafield tag="041" ind1=" " ind2=" ">
    <subfield code="a">ukr</subfield>
  </datafield>
  <datafield tag="080" ind1=" " ind2=" ">
    <subfield code="a">81'374</subfield>
  </datafield>
  <datafield tag="260" ind1=" " ind2=" ">
    <subfield code="a">&#x41D;.-&#x419;.</subfield>
    <subfield code="c">1984</subfield>
  </datafield>
  <datafield tag="650" ind1=" " ind2="7">
    <subfield code="a">8 &#x41C;&#x43E;&#x432;&#x43E;&#x437;&#x43D;&#x430;&#x432;&#x441;&#x442;&#x432;&#x43E;. &#x425;&#x443;&#x434;&#x43E;&#x436;&#x43D;&#x44F; &#x43B;&#x456;&#x442;&#x435;&#x440;&#x430;&#x442;&#x443;&#x440;&#x430;. &#x41B;&#x456;&#x442;&#x435;&#x440;&#x430;&#x442;&#x443;&#x440;&#x43E;&#x437;&#x43D;&#x430;&#x432;&#x441;&#x442;&#x432;&#x43E;</subfield>
    <subfield code="2">UDC</subfield>
  </datafield>
  <datafield tag="999" ind1=" " ind2=" ">
    <subfield code="c">426537</subfield>
    <subfield code="d">426537</subfield>
  </datafield>
  <datafield tag="952" ind1=" " ind2=" ">
    <subfield code="0">0</subfield>
    <subfield code="1">0</subfield>
    <subfield code="2">udc</subfield>
    <subfield code="4">0</subfield>
    <subfield code="7">0</subfield>
    <subfield code="a">300</subfield>
    <subfield code="b">300</subfield>
    <subfield code="d">2012-02-21</subfield>
    <subfield code="e">222/2010</subfield>
    <subfield code="g">1.00</subfield>
    <subfield code="i">2132947</subfield>
    <subfield code="l">0</subfield>
    <subfield code="o">81'374 &#x420;75</subfield>
    <subfield code="p">2132947</subfield>
    <subfield code="r">2019-09-14 00:00:00</subfield>
    <subfield code="w">2012-02-21</subfield>
    <subfield code="y">BK</subfield>
  </datafield>
</record>
